| 000 | 00378cam a2200145ua 4500 | ||
|---|---|---|---|
| 041 |
_aeng _h |
||
| 082 |
_a575 _bBON/EV |
||
| 100 | _aBonner, John Tyler . | ||
| 245 |
_aEvolution of development / _cJohn Tyler Bonner. _hTextual Documents |
||
| 260 |
_aCambridge : _bCambridge University Press , _c1958. |
||
| 300 | _a102 ; . | ||
| 504 | _a | ||
| 942 | _cBK | ||
| 999 |
_c9290 _d9290 |
||